00903nam a22002654c 4500003000900000008004100009020001800050040002500068041001800093080001100111100001700122245002500139264003100164300004100195336002700236337003300263338002800296490004200324500003500366520014500401521001300546650003400559650001100593700003300604AR-BaSMT240627t2019 enka|||ar|||| 000 1 ing d a9781474964036 aBSGBbespañolerda0 ainghInglés a82-34 1 aCowan, Laura14aThe Sun and the Wind aLondres : bUsborne,c2019 a24 páginas ; bilustraciones color 2rdacontentatextobtxt 2rdamediaasin mediaciónbn 2rdacarrieravolumenbnc aUsborne English Readers Starter Level aWith activities and free audio aThe Wind lives in the sky with his friend, the Sun. The Wind isn't happy, and the Sun wants to help. Can the Wind learn something important? aPrimaria 7aLITERATURA INFANTILvInglés 7aCUENTO1 aKnight, JessicaeIlustradora